| 000 | 01041nam a2200229 i 4500 | ||
|---|---|---|---|
| 001 | 187026 | ||
| 003 | SpMaBN | ||
| 005 | 20230906222811.0 | ||
| 008 | 170403s1992 sp |||| | fre d | ||
| 020 | _a84-7719-319-3 | ||
| 080 | _a801(063) | ||
| 080 | _a801.54(063) | ||
| 111 | 2 |
_aColoquio Internacional de Lingüística Funcional ( _n17º. _d1990. _cLeón) _9162266 |
|
| 245 | 1 | 0 |
_aActes XVIIe Colloque International de Lingüistique Fonctionnelle _b: León, Espagne, 5-10 juillet 1990 / _cSociété Internationale de Lingüistique Fonctionnelle = International Society for Functional Linguistics, S.I.L.F. ; edition préparée par Gisèle Ducos, Salvador Gutiérrez, Bonifacio Rodríguez. |
| 260 |
_aLeón : _bUniversidad, Secretariado de Publicaciones, _c1992. |
||
| 300 |
_a345 p. ; _c24 cm. |
||
| 546 | _aTextos en francés y español. | ||
| 650 | 0 | 7 |
_aLingüística- _vCongresos y asambleas. _914465 |
| 650 | 7 |
_aSemántica- _vCongresos y asambleas. _9162267 |
|
| 710 | 2 |
_aUniversidad de León. _97200 |
|
| 852 |
_aES-MaACL _jL-31347 |
||
| 999 |
_c187026 _d187026 |
||